Bolivia y el mar.

A través de este trabajo se concluye la polémica sostenida por el señor Miguel Barros acerca de la presentación de las disposiciones reales, antecedentes cartográficos y la actuación de autoridades de Charcas y de Chile en relación con los límites marítimos.

Bibliographic Details
Main Author: Sergio Villalobos R.
Format: Analitica de revista
Language:Spanish
Published: Santiago, Chile Universidad de Chile 2008
Subjects:
Online Access:

MARC

LEADER 00000cab a2200000 a 4500
001 029642
003 UAHC_CL
005 20170803123118.0
008 031119s2008 cl 000 spa
022 |a 07161832 
040 |a UAHC_CL  |c UAHC_CL  |d UAHC_CL 
100 1 |a Sergio Villalobos R. 
245 1 0 |a Bolivia y el mar. 
260 |b Universidad de Chile  |c 2008  |a Santiago, Chile 
300 |a pp. 115 - 134 
500 |a En: Cuadernos de Historia. -- n¼. 28 (Marzo de 2008), pp. 115-134 
520 |a A través de este trabajo se concluye la polémica sostenida por el señor Miguel Barros acerca de la presentación de las disposiciones reales, antecedentes cartográficos y la actuación de autoridades de Charcas y de Chile en relación con los límites marítimos. 
651 4 |a BOLIVIA  |x RELACIONES EXTERIORES  |z CHILE 
900 |a CUAD. HIST.-28/08 
942 |c REVA 
952 |0 0  |1 0  |4 0  |6 CUAD___HIST_28_08_000000000000000  |7 0  |8 General  |9 58230  |a BC  |b BC  |c General  |d 2017-08-03  |l 0  |o CUAD. HIST.-28/08  |p FICTICIO13003  |r 2019-01-08 00:00:00  |t 1  |w 2017-08-03  |y REVA 
999 |c 29642  |d 29642